000 00458nam a2200181Ia 4500
001 1972
005 20260306143808.0
008 260306t2005||||xx |||||||||||||| ||spa||
041 _aESP
082 _a158.7
_bP88
100 _aPalací Descals, Francisco José (coord.)
_eAUT
245 0 _aPsicología de la organización texto impreso
260 _c2005
300 _a434 páginas :
_ccm.
650 _aGEN
654 _aCPS
942 _cLIB
_dJUS
_fJUS
_2ddc
_n
999 _c1972
_d1972